[Event "FRA-chT Top 12 2019"]
[Site "Brest"]
[Date "2019.05.21"]
[Round "4.6"]
[White "Koch, Jean-Rene"]
[Black "Charmeteau, Sven"]
[Result "0-1"]
[WhiteElo "2465"]
[BlackElo "2292"]
[Annotator "TA"]
[PlyCount "81"]
[EventDate "2019.05.18"]
[EventType "team-tourn"]
[EventCountry "FRA"]
[SourceTitle "playchess.com"]
[Source "ChessBase"]
[SourceQuality "1"]

{[%evp 13,81,1,2,-1,6,16,36,13,109,68,77,70,45,13,5,18,23,-20,-31,-35,-32,-75,-69,-99,-92,-118,-108,-122,-115,-118,-110,-127,-138,-170,-164,-204,-204,-191,-192,-246,-240,-346,-344,-337,-332,-362,-354,-341,-308,-357,-363,-364,-350,-518,-501,-845,-808,-713,-601,-822,-1000,-2570,-2160,-1908,-1826,-29957,-29958,-6070,-12493,-4614]} 1. c4 e5 2. Nc3 Nf6 3. Nf3 Nc6 4. e4 Bc5 5. Nxe5 Nxe5 6. d4 Bb4 7. dxe5 Nxe4 $1 8. Qf3 {A28: English Opening: Four Knights Variation} Nxc3 9. bxc3 Bf8 (9... Be7 10. Qg3 g6 11. Bh6 d6 12. Be2 Be6 13. Rd1 Qd7 14. exd6 cxd6 15. O-O O-O-O {1-0 (24) Carlsen,M (2835)-Giri,A (2783) St Petersburg 2018}) 10. Bd3 $146 {White is slightly better.} ({Predecessor:} 10. Bf4 Qe7 11. O-O-O g6 12. Kb1 Bg7 13. Bd3 O-O 14. Qg3 Qe6 15. Rd2 Rb8 {1-0 (43) Vlaming,J (2136)-Plaza Reino,M (1822) Korbach 2017}) 10... g6 (10... d6 $11 {remains equal.}) 11. h4 d6 12. Bg5 Be7 13. Bh6 (13. Bf6 $5 {[%cal Rf6h8]} O-O 14. h5 dxe5 15. Bxe5 $11) 13... Bf8 $1 $132 {[%cal Rf8h6][%mdl 2048] Black puts up resistance} 14. Bxf8 Kxf8 15. Qf6 Qxf6 16. exf6 Bf5 17. Kd2 Re8 $1 18. Rhb1 b6 $1 19. a4 {[#]} a5 $1 20. Bxf5 gxf5 $17 {[%mdl 4096] Endgame KRR-KRR} 21. Rb5 Rg8 22. Rg1 Rg4 23. Rxf5 Rxc4 ({Don't play} 23... Rxh4 24. g3 $17) 24. g4 Re6 25. h5 Rxa4 26. g5 (26. Kd3 {was the only defense.}) 26... Rh4 $19 27. g6 (27. h6 $142) 27... hxg6 28. hxg6 {[#]} Rh6 $1 29. gxf7 {Now Rg8+ and White clings on.} Rhxf6 30. Rxf6 Rxf6 {KR-KR} 31. Ke3 Kxf7 ({Don't take} 31... Rxf7 32. c4 $19) 32. f4 Ke6 33. c4 (33. Rg8 $142) 33... d5 34. cxd5+ (34. c5 $142 bxc5 35. Rg8) 34... Kxd5 35. Rd1+ Kc5 36. Rc1+ Kb4 37. Rxc7 a4 {[%cal Ba5a4,Ba4a3][%mdl 32]} 38. Ke4 a3 39. Ke5 Rf8 40. Ra7 b5 41. f5 {Accuracy: White = 40%, Black = 84%.} 0-1

[Event "FRA-chT Top 12 2019"]
[Site "Brest"]
[Date "2019.05.21"]
[Round "4.6"]
[White "Godart, Francois"]
[Black "Rambaldi, Francesco"]
[Result "1/2-1/2"]
[WhiteElo "2419"]
[BlackElo "2558"]
[Annotator "TA"]
[PlyCount "58"]
[EventDate "2019.05.18"]
[EventType "team-tourn"]
[EventCountry "FRA"]
[SourceTitle "playchess.com"]
[Source "ChessBase"]
[SourceQuality "1"]

{[%evp 9,58,35,35,25,20,22,49,25,26,0,0,14,29,0,1,0,29,-43,-34,-36,-36,-30,-24,-43,-43,-40,-24,-35,0,-25,-14,-27,19,19,21,-41,-41,-41,-41,-38,0,0,0,0,0,0,12,12,9,14,5]} 1. d4 Nf6 2. c4 g6 3. g3 c5 4. dxc5 Qa5+ 5. Nc3 Bg7 6. Bg2 {E60: King's Indian: Unusual lines and Fianchetto Variation without Nc3} Qxc5 7. Qa4 Ng4 8. Nh3 $1 {White is slightly better.} Nc6 9. O-O $146 ({Predecessor:} 9. Bd2 O-O 10. O-O d6 11. Rac1 Qd4 {1-0 (26) Gelfand,B (2703)-Svidler,P (2753) Jerusalem 2018}) 9... Bxc3 10. bxc3 Nge5 11. Bd5 d6 12. Nf4 Bd7 13. Ba3 (13. Nd3 $11 Qb6 14. Be3) 13... Na5 14. Bxc5 Bxa4 15. Bd4 O-O 16. Bxe5 dxe5 17. Nd3 e6 18. Bg2 Bc6 19. Nxe5 Bxg2 20. Kxg2 Rac8 21. c5 $1 Rfd8 22. Rfd1 (22. Nd3 $1 $11) 22... Rxd1 $15 23. Rxd1 Rxc5 {[%mdl 4160] [#] Endgame Double Attack. KRN-KRN} 24. f4 {next Rd8+ is good for White.} Rc7 25. Rd7 {The position is equal.} Rxd7 26. Nxd7 f5 27. Kf3 Kf7 28. Ne5+ Ke7 29. Ke3 Kd6 {Accuracy: White = 56%, Black = 57%.} 1/2-1/2

[Event "FRA-chT Top 12 2019"]
[Site "Brest"]
[Date "2019.05.21"]
[Round "4.6"]
[White "Delabaca, Romuald"]
[Black "Istratescu, Andrei"]
[Result "0-1"]
[WhiteElo "2360"]
[BlackElo "2555"]
[Annotator "TA"]
[PlyCount "50"]
[EventDate "2019.05.18"]
[EventType "team-tourn"]
[EventCountry "FRA"]
[SourceTitle "playchess.com"]
[Source "ChessBase"]
[SourceQuality "1"]

{[%evp 11,74,11,44,40,28,18,32,21,27,6,7,0,-16,-28,-38,-37,-26,-38,-27,-51,-44,-76,-81,-98,-111,-94,-77,-79,-68,-83,-82,-77,-73,-90,-72,-129,-140,-161,-107,-150,-137,-134,-131,-140,-128,-139,-131,-199,-183,-237,-237,-227,-227,-265,-276,-270,-279,-285,-285,-293,-293,-332,-197,-379,-353]} 1. e4 c5 2. Nf3 Nc6 3. Bb5 g6 4. Bxc6 bxc6 5. O-O Bg7 6. Re1 d6 7. h3 {B31: Sicilian: 2...Nc6 3 Bb5 g6} Nh6 8. c3 O-O 9. d4 {White is slightly better.} Qb6 10. dxc5 Qxc5 11. Bf4 $146 ({Predecessor:} 11. Be3 Qh5 12. Nbd2 f6 13. Qa4 Qb5 14. Qxb5 cxb5 15. a4 bxa4 16. Rxa4 {1-0 (50) Bologan,V (2671)-Antal,G (2545) Aix les Bains 2011}) 11... f6 12. Nbd2 Nf7 13. Qa4 Qb6 14. Be3 Qb7 15. Qb3 c5 16. Qd5 Rb8 17. Nc4 f5 18. Qxb7 Rxb7 19. exf5 Bxf5 {Strongly threatening ...Bd3.} 20. Rad1 Be6 21. Nfd2 Bd5 22. Bf4 Nd8 23. Bg3 (23. Nxd6 $142 Rd7 24. N2e4 Rxf4 25. Rxd5 exd6 {[#]} 26. Nxc5 $1 {[%mdl 512]}) 23... Nc6 $17 24. Re2 Rfb8 (24... a5 $19 25. Rc1 Bh6) 25. Rc1 a5 {Played: Bg7-h6} 0-1

[Event "FRA-chT Top 12 2019"]
[Site "Brest"]
[Date "2019.05.21"]
[Round "4.6"]
[White "Adrian, Claude"]
[Black "Maze, Sebastien"]
[Result "1/2-1/2"]
[WhiteElo "2238"]
[BlackElo "2579"]
[Annotator "TA"]
[PlyCount "119"]
[EventDate "2019.05.18"]
[EventType "team-tourn"]
[EventCountry "FRA"]
[SourceTitle "playchess.com"]
[Source "ChessBase"]
[SourceQuality "1"]

{[%evp 17,119,47,64,61,67,34,35,31,38,33,50,23,27,19,45,20,31,6,27,46,32,9,12,26,23,0,0,0,0,0,21,0,0,0,0,0,40,-16,-20,-13,3,10,12,8,7,0,0,0,0,-37,-39,-33,-33,-33,-33,-43,-14,-20,-18,-31,-31,-32,-29,-31,-37,-39,-38,-68,-85,-140,-140,-140,33,35,43,46,22,28,29,26,133,136,165,160,194,141,193,8,8,8,8,8,8,8,8,8,8,8,8,8,8,8,8,8]} 1. Nf3 Nf6 2. c4 g6 3. g3 Bg7 4. Bg2 O-O 5. d4 c5 6. Nc3 cxd4 7. Nxd4 Nc6 8. Nc2 b6 9. O-O Bb7 10. b3 {A38: Symmetrical English vs ...g6: 4 Bg2 Bg7 5 Nf3 Nf6} d6 11. e4 Nd7 12. Bb2 {White is slightly better.} a6 13. Rb1 Qb8 $146 ({Predecessor:} 13... Nc5 14. b4 Ne6 15. Nd5 b5 16. Bxg7 Kxg7 17. Nce3 Ne5 {1-0 (29) Kengis,E (2543)-Hardegen,A (1973) Mount Buller 2004}) 14. Qe2 b5 15. Rfd1 Rc8 16. Nd5 bxc4 17. bxc4 e6 18. Bxg7 Kxg7 19. Nb6 Nxb6 20. Rxb6 {Black must now prevent Ne3.} Qc7 21. Rdb1 Rab8 22. Ne3 Ba8 23. Qb2+ f6 24. Bh3 Re8 25. Ng4 Qe7 26. Qd2 g5 27. R1b3 ({White should try} 27. Bg2 $14 Rxb6 28. Rxb6) 27... Rxb6 $11 28. Rxb6 Rb8 (28... h5 $5 29. Ne3 $8 Qa7 $11) 29. Rxb8 Nxb8 30. Bg2 {Threatens to win with e5!} Nc6 31. Qb2 h5 32. Ne3 Qb7 33. Qxb7+ (33. Qc1 {feels hotter.} Nd4 34. Qd1 Qb2 35. e5 Bxg2 36. exf6+ Kxf6 37. Kxg2 Kg6 38. Qd3+) 33... Bxb7 {[%mdl 4096] Endgame KBN-KBN} 34. Kf1 Nb4 35. a3 $1 {[%cal Ra3b4]} Nd3 36. Ke2 Nc5 (36... Ne5 {is more complex.} 37. f3 Kf7 38. Bh3 Bc6 39. Kf2 Ba4) 37. f3 Kg6 38. Nd1 f5 {[%cal Rf5e4]} 39. exf5+ exf5 40. Ne3 f4 41. gxf4 gxf4 42. Nc2 $1 Kf6 43. Nb4 (43. Ne1 $142) 43... Ke5 $17 44. Nd3+ Kd4 $2 (44... Nxd3 $17 45. Kxd3 h4) 45. Nxf4 $14 h4 46. Ng6 Kxc4 47. Nxh4 d5 $1 48. f4 Bc8 (48... Kb3 $11) 49. f5 $16 d4 {[#]} 50. f6 $1 {[%cal Rf6f7] aiming for f7.} Be6 51. Nf3 (51. Bc6 $18) 51... Kc3 {[#]} (51... Nd7 $16) 52. Ne5 $2 (52. Ng5 $1 $18) 52... d3+ $11 {The position is equal.} 53. Ke3 {Strongly threatening f7.} d2 $1 {[%cal Rd2d1]} 54. Bf3 {And now f7 would win.} Bb3 55. f7 Ne6 56. Nd7 {Nc5! is the strong threat.} d1=Q 57. Bxd1 Bxd1 58. f8=Q Nxf8 59. Nxf8 Kb3 60. Kd2 {Accuracy: White = 52%, Black = 61%.} 1/2-1/2

[Event "FRA-chT Top 12 2019"]
[Site "Brest"]
[Date "2019.05.21"]
[Round "4.7"]
[White "Oparin, Grigoriy"]
[Black "Guichard, Pauline"]
[Result "1-0"]
[WhiteElo "2624"]
[BlackElo "2430"]
[Annotator "TA"]
[PlyCount "121"]
[EventDate "2019.05.18"]
[EventType "team-tourn"]
[EventCountry "FRA"]
[SourceTitle "playchess.com"]
[Source "ChessBase"]
[SourceQuality "1"]

{[%evp 12,121,49,32,39,10,39,41,38,45,44,33,43,44,54,20,39,34,66,73,74,42,33,28,51,47,68,45,39,39,69,47,50,44,61,41,46,50,127,2,2,2,5,0,22,2,2,0,2,-13,-14,-17,2,2,2,2,3,3,4,0,0,0,0,0,0,0,0,0,8,8,65,72,78,73,202,201,302,304,289,238,240,148,1445,1473,561,1300,1165,1179,976,553,1483,1288,5610,2616,5634,6436,29976,29977,29977,29978,29979,29980,29980,29981,29981,29982,29983,29984,29985,29986,29990,29991]} 1. e4 e5 2. Nf3 Nc6 3. Bc4 Nf6 4. d3 Be7 5. O-O O-O 6. Re1 d6 7. a3 h6 {C55: Two Knights: 4 d3, 4 d4 exd4 5 e5 and Max Lange Attack} 8. Nc3 Nh7 $146 ({Predecessor:} 8... Be6 9. Nd5 Qd7 10. c3 Rae8 11. b4 Bd8 12. Nxf6+ Bxf6 13. Bxe6 Rxe6 14. b5 Ne7 15. c4 {½-½ (36) Grischuk,A (2754)-Sethuraman,S (2640) Baku 2016}) 9. Nd5 Bg4 {White is slightly better.} 10. h3 Bh5 11. g4 Bg6 12. Kg2 Kh8 13. Be3 Rc8 14. b4 Ng5 15. Nxe7 Nxf3 16. Qxf3 (16. Nxc8 {keeps more tension.} Nxe1+ 17. Qxe1 Qxc8 18. a4 f6 19. Qc3) 16... Qxe7 17. b5 Nd8 18. a4 ({Don't play} 18. Bxa7 b6 $15) 18... c5 19. bxc6 bxc6 20. Rab1 c5 21. Bd5 Nc6 22. c3 Qd7 23. Rb5 f6 24. Reb1 Bf7 (24... Rc7 $14) 25. Bxc6 (25. Bxh6 $16 Bxd5 26. exd5) 25... Qxc6 $11 26. c4 Be6 27. a5 Kg8 28. Kg3 Rc7 29. Qe2 Bc8 30. Rb8 Rcf7 31. f3 Ba6 32. h4 Qc7 33. Rxf8+ Rxf8 34. Bd2 Rb8 35. Rxb8+ (35. Qd1 {is more complex.} Bc8 36. Rxb8 Qxb8 37. Qc2 Bd7 38. h5) 35... Qxb8 36. g5 hxg5 37. hxg5 fxg5 38. Bxg5 Bc8 39. f4 exf4+ 40. Bxf4 Qc7 ({Black should play} 40... Bd7 $11) 41. Qh5 $14 {Threatens to win with Qd5+.} Qd7 42. Kf2 Kf8 {[#]} (42... Qa4 $16) 43. Qg6 $1 $18 Ke7 (43... Kg8 $142 44. Qxd6 (44. Bxd6 Qh3 $18) 44... Qg4) 44. Qxg7+ Kd8 45. Qh8+ Kc7 46. e5 Qf5 $2 {[%mdl 8192]} (46... Kb7 $16 47. exd6 Ka6) 47. exd6+ Kb7 48. Qh1+ Kb8 49. Qf3 {Threatening mate with d7+.} Qd7 50. Qe3 Kb7 51. Qxc5 Ka6 52. Ke3 Qe8+ 53. Kd2 Bd7 54. Be3 {[%csl Ge3][%cal Rc5a7] White mates.} Qb8 55. Kc3 Ba4 {[#]} 56. Qxa7+ $1 Qxa7 57. Bxa7 Kxa7 58. Kb4 Be8 59. d4 Kb7 60. d5 Bf7 61. a6+ {Accuracy: White = 58%, Black = 31%.} 1-0

[Event "FRA-chT Top 12 2019"]
[Site "Brest"]
[Date "2019.05.21"]
[Round "4.7"]
[White "Le Roux, Jean-Pierre"]
[Black "Spielmann, Alain"]
[Result "1-0"]
[WhiteElo "2539"]
[BlackElo "2216"]
[Annotator "TA"]
[PlyCount "75"]
[EventDate "2019.05.18"]
[EventType "team-tourn"]
[EventCountry "FRA"]
[SourceTitle "playchess.com"]
[Source "ChessBase"]
[SourceQuality "1"]

{[%evp 12,75,31,33,35,18,18,42,26,34,94,85,114,111,105,99,147,104,162,147,153,149,157,156,237,132,213,229,235,127,147,127,158,157,152,155,176,112,148,82,153,131,217,222,239,237,309,312,539,306,440,283,275,282,291,260,266,150,146,130,328,324,345,318,332,338]} 1. Nf3 g6 2. d4 Bg7 3. g3 c5 4. d5 d6 5. a4 Nf6 6. Bg2 O-O 7. O-O e6 {A49: 1 d4 Nf6 2 Nf3 g6 3 g3: Anti-King's Indian systems} 8. dxe6 fxe6 9. Nc3 (9. c3 Nc6 10. Bg5 d5 11. Nbd2 h6 12. Bxf6 Qxf6 13. e4 b6 14. Qe2 Bb7 15. Rfe1 {1-0 (37) Burmakin,V (2523)-Zubarev,A (2490) Almaty 2018}) 9... Nc6 {White is slightly better.} 10. e4 d5 (10... e5 $14) 11. Bg5 $146 {[#] e5 is the strong threat.} ({Predecessor:} 11. Qe2 Nd4 12. Nxd4 cxd4 13. Nb5 Nxe4 14. Bxe4 dxe4 15. Qxe4 {0-1 (25) Sabel,R (1911)-Dillmann,M (2032) Gau Algesheim 2010}) 11... dxe4 12. Nd2 h6 13. Be3 Qe7 14. Ndxe4 Nxe4 (14... Rd8 $16 {was necessary.} 15. Qc1 Nxe4 16. Nxe4 (16. Bxe4 Kh7 $16) 16... Nd4) 15. Nxe4 $18 (15. Bxe4 $6 Nd4 $16) 15... b6 16. Nxc5 $1 bxc5 17. Bxc6 Ba6 (17... Rb8 $16 18. Qd3 Rb6) 18. Bb5 (18. Bxa8 $18 Bxf1 19. Qxf1 Rxa8 20. Qb5) 18... Rad8 (18... Bb7 $16) 19. Qg4 (19. Bxa6 Rxd1 20. Raxd1 Bxb2 $11) 19... Bb7 20. Bc4 (20. Qxg6 $18 Rf6 21. Qg4) 20... Rf6 21. Rae1 Kh7 22. Bd3 Rxd3 23. cxd3 Qd6 24. Rc1 (24. f3 $6 Rf5 $16) (24. Bd2 $18) 24... Rf5 25. Qd1 ({White should play} 25. Qe2) 25... Qd5 (25... Bxb2 $142 26. Rb1 Qd5) 26. f3 $1 $16 Qd6 (26... Bd4 $16 27. Bxd4 Qxd4+ 28. Kg2 Qxb2+ 29. Rc2 Qd4) 27. Rf2 $18 Rd5 28. Qc2 Rxd3 29. Qxc5 (29. Bxc5 Qd7 $18) 29... Qd7 $2 (29... Qxc5 {might work better.} 30. Bxc5 a6) 30. Kg2 Qf7 (30... a6 $142 31. Qc7 g5) 31. Qc7 Rd7 32. Qf4 Qe7 33. Qh4 Qf7 34. Qc4 (34. b4 $18) 34... Bxb2 $16 35. Re1 (35. Rxb2 Qxf3+ 36. Kh3 Be4 $17) ({But not} 35. Bxa7 $2 Bd5 $19) 35... Rc7 $2 (35... Bd5 $16 36. Qa6 Bg7) 36. Qf4 $18 {White has a decisive advantage.} Qg7 {[#]} 37. Qxh6+ $1 {[%mdl 512]} Qxh6 38. Bxh6 {Accuracy: White = 48%, Black = 30%.} 1-0

[Event "FRA-chT Top 12 2019"]
[Site "Brest"]
[Date "2019.05.21"]
[Round "4.7"]
[White "Demuth, Adrien"]
[Black "Chabanon, Jean-Luc"]
[Result "1/2-1/2"]
[WhiteElo "2517"]
[BlackElo "2437"]
[Annotator "TA"]
[PlyCount "79"]
[EventDate "2019.05.18"]
[EventType "team-tourn"]
[EventCountry "FRA"]
[SourceTitle "playchess.com"]
[Source "ChessBase"]
[SourceQuality "1"]

{[%evp 17,79,29,7,8,3,17,40,36,47,37,39,27,40,34,36,24,40,24,40,21,25,14,30,0,35,0,23,0,14,-26,-7,-18,0,-22,13,12,39,49,43,0,0,16,87,85,83,83,83,84,84,87,81,83,106,58,61,61,78,67,71,-4,-4,-4,-8,-7]} 1. Nf3 b6 2. g3 Bb7 3. Bg2 c5 4. c4 g6 5. d4 cxd4 6. Qxd4 Nf6 7. b3 Bg7 8. Bb2 O-O 9. O-O Nc6 10. Qc3 {A30: Symmetrical English: Double Fianchetto and Hedgehog} Rc8 11. Rd1 Qc7 12. Qe1 {White is slightly better.} Rfd8 $146 ({Predecessor:} 12... Qb8 13. Nc3 Rfd8 14. Rac1 e6 15. Ng5 h6 16. Nge4 Nxe4 17. Bxe4 Ne7 {1-0 (88) Aronian,L (2780)-Vachier Lagrave,M (2783) Leuven 2017}) 13. e4 d6 14. Qe2 e6 15. Nc3 a6 16. Rac1 Qb8 17. Ba3 Bf8 18. h3 Ba8 19. Bb2 Bg7 20. Ba3 Bf8 21. Bb2 Bg7 22. Kh2 Nd7 23. Ne1 b5 24. cxb5 axb5 25. Nd3 b4 26. Na4 Qb5 27. Bxg7 Kxg7 28. Nf4 Qxe2 29. Nxe2 Nc5 {[#]} (29... Bb7 $11) 30. Nb6 $1 $16 {[%cal Rb6c8]} ({Don't play} 30. Nxc5 $6 dxc5 31. f4 Rxd1 $15) 30... Rb8 31. Nxa8 Rxa8 {[#]} 32. e5 $1 {[%mdl 512]} Nxe5 33. Bxa8 Rxa8 {[#]} 34. Rc2 $1 ({Inferior is} 34. Rxd6 Ne4 $17) 34... Ned3 35. Kg2 e5 36. Nc1 Nxc1 37. Rdxc1 Kf6 38. Rxc5 ({White should try} 38. Rd1 $16 Ke6 39. f3) 38... dxc5 $11 39. Rxc5 Rxa2 {...Ra3 is the strong threat.} 40. Rc4 {Accuracy: White = 39%, Black = 51%.} 1/2-1/2

[Event "FRA-chT Top 12 2019"]
[Site "Brest"]
[Date "2019.05.21"]
[Round "4.7"]
[White "Burri, Quentin"]
[Black "Ludwig, Remi"]
[Result "1/2-1/2"]
[WhiteElo "2425"]
[BlackElo "2312"]
[Annotator "TA"]
[PlyCount "117"]
[EventDate "2019.05.18"]
[EventType "team-tourn"]
[EventCountry "FRA"]
[SourceTitle "playchess.com"]
[Source "ChessBase"]
[SourceQuality "1"]

{[%evp 16,117,0,6,3,-8,32,23,24,22,31,37,42,45,35,20,81,81,81,74,87,60,45,45,44,37,54,45,59,45,45,21,21,20,20,21,23,29,116,114,116,111,131,125,127,100,87,52,50,0,0,0,0,0,0,0,0,0,0,0,0,0,0,0,0,0,0,0,0,0,0,0,0,0,0,0,0,0,0,0,0,0,0,0,0,0,0,0,0,0,0,0,0,0,0,0,0,0,0,0,0,0,0,0]} 1. e4 e6 2. d4 d5 3. Nc3 Bb4 4. e5 c5 5. Bd2 Ne7 6. a3 Bxc3 7. Bxc3 b6 8. Bb5+ Bd7 9. Bd3 Nbc6 {C17: French: 3 Nc3 Bb4 4 e5 c5 sidelines} 10. f4 Nxd4 $146 (10... c4 $5 {[%cal Rc4d3]} 11. Be2 b5 $11) ({Predecessor:} 10... c4 11. Be2 Nf5 12. g3 b5 13. b4 a5 14. Qd2 axb4 15. axb4 Rxa1+ 16. Bxa1 O-O 17. Nf3 {1-0 (42) Navara,D (2744)-Bartel,M (2640) Lublin 2016}) 11. Bxd4 cxd4 {White has an edge.} 12. Nf3 h6 13. Nxd4 Nc6 14. Nxc6 Bxc6 15. Qe2 d4 (15... h5 $11) 16. Be4 $16 Qd7 17. O-O-O Rd8 18. Rd2 Bxe4 19. Qxe4 Qd5 $1 {[%cal Rd5e4]} 20. Qxd5 Rxd5 $14 {[%mdl 4096] Endgame KRR-KRR} 21. Rhd1 g5 22. Rxd4 gxf4 23. Rxd5 (23. Rc4 {is interesting.} Rc5 24. Rxf4 Rxe5 25. Ra4 Rg8 26. g3) 23... exd5 24. Rxd5 {KR-KR} Rg8 25. Rd2 Ke7 26. Kd1 Ke6 {[#]} (26... Rg5 $1 $11) 27. Ke1 $1 $16 Kxe5 28. Kf2 Rc8 29. c3 a5 30. Rd4 b5 31. Ke2 f6 32. Rd7 b4 {The position is equal.} 33. axb4 axb4 34. cxb4 Rc2+ 35. Rd2 Rc4 36. Kd3 Rxb4 37. Kc3 Rb8 38. b4 h5 39. Rb2 Ke4 40. b5 f3 {next ...fxg2 is good for Black.} 41. gxf3+ Kxf3 42. b6 h4 43. Kd2 {Hoping for Kd3.} Kf2 44. b7 {Strongly threatening Kd3+.} h3 45. Kd3+ Kf3 $1 46. Kd4 {Threatens to win with Rb3+.} f5 47. Rb3+ Kg2 $1 48. Ke3 ({Not} 48. Rb2+ Kf3 $18) 48... f4+ $1 {[%mdl 64] [#] Decoy} 49. Kxf4 {aiming for Rb2+.} Rf8+ $1 50. Ke4 Re8+ 51. Kf5 Rf8+ $1 52. Ke5 Re8+ 53. Kd6 Kxh2 54. b8=Q (54. Kd7 {feels hotter.} Rh8 55. Ke6 Kg2 56. Rb2+ Kg3 57. b8=R) 54... Rxb8 55. Rxb8 Kg2 56. Rg8+ Kf2 57. Rh8 Kg2 58. Rxh3 Kxh3 59. Ke5 {Accuracy: White = 56%, Black = 77%.} 1/2-1/2

[Event "FRA-chT Top 12 2019"]
[Site "Brest"]
[Date "2019.05.21"]
[Round "4.7"]
[White "Van Hoolandt, Patrick"]
[Black "Riff, Vincent"]
[Result "1/2-1/2"]
[WhiteElo "2127"]
[BlackElo "2399"]
[Annotator "TA"]
[PlyCount "70"]
[EventDate "2019.05.18"]
[EventType "team-tourn"]
[EventCountry "FRA"]
[SourceTitle "playchess.com"]
[Source "ChessBase"]
[SourceQuality "1"]

{[%evp 15,70,20,29,18,20,20,20,29,29,26,25,14,14,14,13,13,12,17,14,8,14,11,19,16,20,16,9,12,88,73,113,110,146,163,191,198,281,205,304,297,298,279,256,185,195,195,198,195,194,193,248,234,244,263,268,256,236]} 1. d4 Nf6 2. c4 e6 3. Nf3 Bb4+ 4. Bd2 c5 5. Bxb4 cxb4 6. Nbd2 d6 7. g3 O-O 8. Bg2 Re8 9. Nf1 {E11: Bogo-Indian} (9. O-O Nc6 10. a3 a5 11. e3 h6 12. Ne1 bxa3 13. Rxa3 e5 14. Nc2 Bf5 15. d5 Bxc2 16. Qxc2 Nb4 17. Qb1 Nd7 {½-½ (26) Cori Tello,J (2612)-Terry,R (2454) Lima 2017}) 9... a5 10. a3 Qb6 11. Ne3 {The position is equal.} Na6 12. O-O Bd7 13. b3 $146 ({Predecessor:} 13. axb4 Nxb4 14. Nc2 Rec8 15. Ne3 Bc6 16. c5 Qb5 17. cxd6 {½-½ (58) Lamaze,S (1838)-Bauche,T (2086) Avoine 2018}) 13... bxa3 14. Rxa3 Nb4 15. c5 dxc5 16. Nc4 Qc7 17. dxc5 $1 Qxc5 18. Qd6 $36 {[%mdl 2048] White fights for an advantage.} Qxd6 19. Nxd6 Reb8 20. Ne5 Bc6 21. Rc1 Nfd5 (21... Bxg2 $11 22. Kxg2 h6) 22. Nexf7 Ra6 23. Ne5 Rd8 24. Ne4 Bb5 25. Nc5 Rc8 (25... Rb6 {was called for.} 26. Bh3 (26. Rxa5 Bxe2 27. Bh3 Nc7 $18) 26... Nc7 27. Rxa5 Nc6) 26. Raa1 Raa8 (26... Ra7 $142 27. e4 Nf6 28. Nxe6 Re8) 27. Bh3 $18 (27. Nxb7 Nc3 $16) (27. Nxe6 Bxe2 28. Rxc8+ Rxc8 $16) 27... Re8 28. e4 ({Resist} 28. Bxe6+ Kf8 $18) 28... Nf6 29. f3 ({Much less strong is} 29. Bxe6+ $6 Kf8 $16) 29... Nc6 30. Nxc6 Bxc6 31. Bxe6+ Kh8 {intending ...b6.} 32. Bh3 g5 (32... g6 {is a better defense.} 33. Rd1 Re7) 33. Bf5 g4 34. Ne6 ({Don't take} 34. fxg4 $6 Nxe4 35. Nxe4 Bxe4) 34... Rxe6 35. Bxe6 gxf3 {Accuracy: White = 84%, Black = 56%.} 1/2-1/2

[Event "FRA-chT Top 12 2019"]
[Site "Brest"]
[Date "2019.05.21"]
[Round "4.7"]
[White "Fruteau, Sabine"]
[Black "Vitoux, Colomban"]
[Result "0-1"]
[WhiteElo "2015"]
[BlackElo "2384"]
[Annotator "TA"]
[PlyCount "58"]
[EventDate "2019.05.18"]
[EventType "team-tourn"]
[EventCountry "FRA"]
[SourceTitle "playchess.com"]
[Source "ChessBase"]
[SourceQuality "1"]

{[%evp 9,58,45,40,-25,-19,-26,-14,-25,0,0,0,0,0,16,10,-9,37,42,42,16,16,6,14,8,17,0,37,26,35,25,45,-14,26,0,52,53,49,-32,-22,-14,-20,-40,-43,-60,-48,-158,-165,-153,-145,-433,-422]} 1. e4 e6 2. d4 d5 3. Nc3 Bb4 4. Qd3 Nc6 5. e5 f6 (5... a5 6. a3 Bf8 7. Nf3 b6 8. Be2 Ba6 9. Qd1 Nge7 10. O-O Nf5 11. Bxa6 Rxa6 12. Qd3 Ra8 {1-0 (41) Gao,R (2533)-Mu,K (2392) China 2015}) 6. exf6 {C15: French: 3 Nc3 Bb4: Unusual White 4th moves} (6. a3 $14 Bxc3+ 7. Qxc3) 6... Nxf6 $11 7. Nf3 O-O 8. Bg5 {The position is equal.} Qd6 $146 ({Predecessor:} 8... Bd7 9. O-O-O Bxc3 10. Qxc3 Ne4 11. Bxd8 Nxc3 12. bxc3 Nxd8 {0-1 (42) Karlovich,A (2295)-Rajlich,I (2375) Patras 2001}) 9. O-O-O Bd7 10. Nb5 Qe7 11. Ne5 ({Much worse is} 11. Nxc7 Rac8 $17) 11... a6 12. Nc3 Bd6 13. f4 Qe8 14. Bxf6 gxf6 15. Qg3+ Kh8 16. Nxd7 Qxd7 17. Be2 Rg8 18. Qf2 Raf8 19. g3 Bb4 20. Nb1 (20. Qf3 $14) 20... Ba5 21. c3 Bb6 (21... e5 $11) 22. Qf3 $14 Ne7 23. Bd3 {[#]} ({White should try} 23. Nd2 $14) 23... e5 $1 $15 {[%mdl 512]} 24. dxe5 fxe5 25. Qe2 exf4 {Hoping for ...f3.} 26. gxf4 Qd6 $36 {[%mdl 2048] Black has the initiative.} 27. Qe5+ (27. Rhf1 $15) 27... Qxe5 $17 28. fxe5 Be3+ 29. Kc2 $2 {[%mdl 8192] [#]} (29. Nd2 $17) 29... Rf2+ {Accuracy: White = 33%, Black = 54%.} 0-1